|
|
|
|
| LEADER |
00991nam a2200253 a 4500 |
| 001 |
12938452 |
| 008 |
101005s20082003njua 001 0 eng d |
| 010 |
|
|
|a 2002034378
|
| 020 |
|
|
|a 8131717887
|
| 020 |
|
|
|a 0131001531 (pbk.)
|
| 040 |
|
|
|a DLC
|c DLC
|d DLC
|d DB-DhAAL
|
| 082 |
0 |
0 |
|a 005.2/762
|2 21
|
| 100 |
1 |
|
|a Geary, David M.
|
| 245 |
1 |
0 |
|a Core JSTL :
|b mastering the JSP standard tag library /
|c David M. Geary.
|
| 260 |
|
|
|a Upper Saddle River, NJ ;
|a New Delhi :
|b Pearson/Prentice Hall PTR ;
|c c2003.[impression 2008]
|
| 300 |
|
|
|a xvi, 584 p. :
|b ill. ;
|c 24 cm.
|
| 490 |
0 |
|
|a Java 2 platform, enterprise edition series
|
| 500 |
|
|
|a Includes index.
|
| 541 |
1 |
|
|e 00021224
|
| 650 |
|
0 |
|a Java (Computer program language)
|
| 630 |
0 |
0 |
|a JavaServer pages.
|
| 852 |
4 |
|
|a Ayesha Abed Library
|j General Shelf.
|
| 999 |
|
|
|c 9657
|d 9657
|
| 952 |
|
|
|0 0
|1 0
|2 ddc
|4 0
|6 005_276200000000000_GEA_2008
|7 0
|9 12279
|a BRACUL
|b BRACUL
|c GEN
|d 2010-10-06
|l 1
|m 23
|o 005.2762 GEA
|p 3010021224
|r 2018-03-06
|s 2017-09-28
|t 1
|w 2010-10-06
|y BK
|